| 000 | 00941nam a2200289 4500 | ||
|---|---|---|---|
| 003 | EG-GICUC | ||
| 005 | 20260331120926.0 | ||
| 008 | 260331s1966 Sw ak||fr|||| 000 0 eng d | ||
| 040 |
_aEG-GiCUC _beng _cEG-GiCUC _dEG-GiCUC _erda |
||
| 041 | 0 | _aeng | |
| 082 | 0 | 4 |
_221 _a341.48 _bPI . P |
| 092 | 0 | 4 | _221 |
| 099 | _aLaw1 11 341.48 PI . P 1966 | ||
| 100 | 1 |
_aPictet, Jean _eAuthor. |
|
| 245 | 1 | 4 |
_aThe Principles of International Humanitarian Law / _cJean Pictet. |
| 264 | 1 |
_aGeneva : _bInternational Committee Of The Red Cross, _c1966. |
|
| 300 |
_a61 pages : _billustrations, _c24 cm. |
||
| 336 |
_2rda content _atext |
||
| 337 |
_2rda media _aComputer |
||
| 338 |
_2rda carrier _aOnline Resource |
||
| 504 | _aIncludes bibliographical references. | ||
| 546 | _aText in English | ||
| 650 | 1 | 4 | _aPublic international law |
| 856 | 4 | 0 | _uhttps://fll.law.cu.edu.eg/fulltext/bks/B11-08885.pdf |
| 905 | _a48 | ||
| 942 |
_2ddc _cBK _e21 _n0 |
||
| 999 |
_c67783 _d67783 |
||